000 00573nmm a2200169Ia 4500
008 251105s9999||||xx |||||||||||||||||und||
020 _a9788477339519
041 _aspa
100 _aGómez Quintero, Juan David
245 0 _aLas ONGD aragonesas en Colombia. Ejecución y evaluación de los proyectos de desarrollo
264 _a[Madrid, España] :
_bPrensas Universitarias de Zaragoza,
_c2007
300 _a311 páginas
490 _aCiencias sociales
650 _aSocial Sciences (General)
856 _uhttps://public.digitaliapublishing.com/a/2145
942 _cCF
999 _c85317
_d85317